| 000 | 00721nam a2200205 a 4500 | ||
|---|---|---|---|
| 999 |
_c3625 _d3625 |
||
| 001 | 3625 | ||
| 003 | BD-JhCC | ||
| 005 | 20171115174429.0 | ||
| 008 | 171115s1989 bg a|||| |||| 000 0 ben d | ||
| 035 | _a(BD-JhCC)3625 | ||
| 040 |
_aBD-JhCC _dBD-JhCC |
||
| 041 | _aben | ||
| 082 |
_a891.442 _bDIK 1989 |
||
| 100 | _aডিকেন্সে, চার্লস | ||
| 245 |
_aচার্লস ডিকেন্সের গ্রেট এক্সপেকটেশন্স / _cচার্লস ডিকেন্স |
||
| 260 |
_aঢাকা : _bইউনিভার্সিটি প্রেস লিমিটেড, _c১৯৮৯ |
||
| 300 |
_a186 p. ; _c22 cm |
||
| 650 | _aBengali drama | ||
| 942 |
_2ddc _cBK |
||